Deep Learning from Scratch

Gespeichert in:
Bibliographische Detailangaben
1. Verfasser: Seth Weidman
Format: Buch
Veröffentlicht: Shroff/O' Reilly
Tags: Tag hinzufügen
Keine Tags, Fügen Sie das erste Tag hinzu!

MARC

LEADER 00000nam a2200000Ia 4500
005 20260513122052.0
020 |a 9789352139026 
100 |a Seth Weidman 
365 |c Rs. 
365 |b 20.00 
942 |c BK 
245 |a Deep Learning from Scratch 
260 |b Shroff/O' Reilly 
999 |c 72  |d 72 
952 |0 0  |1 0  |4 0  |7 0  |a UNSW  |b UNSW  |d 2026-05-06  |g 1175.00  |i 16689  |l 0  |p 000044  |r 2026-05-13 12:20:52  |v 1175.00  |w 2026-05-13  |y BK